000 00276nam a2200109Ia 4500
008 190216s9999||||xx |||||||||||||| ||und||
100 _aSreekanth Saran
245 0 _aHindi-Sreerama Charitha Manas Vol 1 To 4
260 _bBusthaka Bander Patma
650 _aHindi
942 _cBK
999 _c15234
_d15234